| 000 | 00972nam a2200265 i 4500 | ||
|---|---|---|---|
| 001 | 186094 | ||
| 003 | SpMaBN | ||
| 005 | 20230906222604.0 | ||
| 008 | 160907s1983 sp |||| | spa d | ||
| 020 | _a84-276-0403-3 | ||
| 080 | _a1 Locke, John | ||
| 080 | _a165 | ||
| 100 | 1 |
_aLeibniz, Gottfried Wilhelm _cFreiherr von. _971367 |
|
| 245 | 1 | 0 |
_aNuevos ensayos sobre el entendimiento humano / _cG.W. Leibniz ; edición preparada por J. Echeverría Ezponda. |
| 250 | _a2ª ed. | ||
| 260 |
_aMadrid : _bEditora Nacional, _c1983. |
||
| 300 |
_a645 p. ; _c18 cm. |
||
| 490 | 1 |
_aBiblioteca de la literatura y el pensamiento universales ; _v20 |
|
| 600 | 1 | 7 |
_aLocke, John- _xCrítica e interpretación. _973047 |
| 650 | 7 |
_aEpistemología. _912338 |
|
| 700 | 1 |
_aEcheverria, Javier. _946574 |
|
| 830 | 0 |
_aBiblioteca de la literatura y el pensamiento universales ; _v20 _9182217 |
|
| 852 |
_aES-MaACL _jL-30642 _z. - Donat. Miguel A. Velasco |
||
| 999 |
_c186094 _d186094 |
||